Normal view
MARC view
Entry Personal Name
001 - CONTROL NUMBER
- control field: 15021
003 - CONTROL NUMBER IDENTIFIER
- control field: ARRUPE
005 - DATE AND TIME OF LATEST TRANSACTION
- control field: 20150210141937.0
008 - FIXED-LENGTH DATA ELEMENTS
- fixed length control field: 150210|| aca||aabn | a|a d
040 ## - CATALOGING SOURCE
- Original cataloging agency: ARRUPE
- Transcribing agency: ARRUPE
100 ## - HEADING--PERSONAL NAME
- Personal name: Kurebwa, Joseph.
670 ## - SOURCE DATA FOUND
- Source citation: Work cat.: (ARRUPE)0: Kurebwa, Joseph., The politics of economic sanctions on Rhodesia (Zimbabwe) :, 2012.